Loading...
| Science - Biology | 0 | 4 | 0 | 0 | 40 | 88 | 117.00 | 0 | 1 |
| Current Events | 0 | 4 | 0 | 0 | 40 | 95 | 103.25 | 0 | 0 |
| Science - Chemistry | 0 | 4 | 2 | 1 | 30 | 107 | 124.25 | 0 | 0 |
| Social Science | 0 | 2 | 0 | 0 | 20 | 118 | 123.00 | 0 | 0 |
| Science - Other Science | 0 | 3 | 2 | 0 | 20 | 69 | 103.33 | 0 | 0 |
| Other Academic | 0 | 1 | 0 | 0 | 10 | 146 | 146.00 | 0 | 0 |
| Religion | 0 | 1 | 0 | 1 | 10 | 153 | 153.00 | 0 | 0 |
| History - World History | 0 | 1 | 0 | 0 | 10 | 123 | 123.00 | 0 | 0 |
| History - Other History | 0 | 1 | 0 | 1 | 10 | 136 | 136.00 | 0 | 0 |
| History - European History | 0 | 0 | 1 | 0 | -5 | 0.00 | 0 | 0 | |
| Science - Physics | 0 | 0 | 1 | 0 | -5 | 0.00 | 0 | 0 | |
| Literature - European Literature | 0 | 0 | 1 | 0 | -5 | 0.00 | 0 | 0 |